| 000 | 03289cam a22004098i 4500 | ||
|---|---|---|---|
| 001 | 22848268 | ||
| 003 | CSPC | ||
| 005 | 20250806143137.0 | ||
| 008 | 221101s2023 nju b 001 0 eng | ||
| 010 | _a 2022052813 | ||
| 020 |
_a9781119897743 _q(paperback) |
||
| 035 | _a22848268 | ||
| 040 |
_aDLC _beng _erda _cDLC _dDLC _dCSPC |
||
| 042 | _apcc | ||
| 050 | 0 | 0 |
_aNK2114 _b.C59 2023 |
| 082 | 0 | 0 |
_a747.028553 _bC615s _223/eng/20221116 |
| 100 | 1 |
_aCline, Lydia Sloan, _eauthor. |
|
| 245 | 1 | 0 |
_aSketchUp for interior design : _b3D visualizing, designing, and space planning / _cLydia Sloan Cline. |
| 250 | _aSecond edition. | ||
| 263 | _a2302 | ||
| 264 | 1 |
_aHoboken, New Jersey : _bJohn Wiley & Sons, Inc., _c2023. |
|
| 300 |
_axiii, 283 pages : _billustrations ; _c23 cm. |
||
| 336 |
_atext _btxt _2rdacontent |
||
| 337 |
_aunmediated _bn _2rdamedia |
||
| 338 |
_avolume _bnc _2rdacarrier |
||
| 504 | _aIncludes bibliographical references and index. | ||
| 505 | 0 | _aWhat is sketchUp and how do interior designers use it? -- Getting started -- Exploring the interface -- Modeling furniture -- Drafting, modeling, and furnishing a floor plan -- Model a two-story interior -- Painting with colors, materials, and match photo -- Enhancing and presenting the model -- Extensions -- Construction documentation with layout. | |
| 520 |
_a"Widely used by architects and landscape architects, SketchUp became a valuable tool for interior designers as well over the past decade, leading to the success of the first edition of this book. SketchUp for Interior Design is a practical introduction for interior designers and students who want to learn to use the software for design and modeling. The book covers the basics of creating 3D models and space plans, model furniture, cabinetry, and accessories. It explores how to experiment with colors and materials, incorporate manufacturers' models into project plans, and create final presentations and animated walk-throughs for clients. This revised edition focuses on the professional version of SketchUp, now priced as a subscription to be accessible to anyone from students to professionals. The book includes a new chapter on LayOut for 2D graphics, new features of Component and Extension Warehouses, and updates throughout to include the latest tools and functions built into SketchUp. Each chapter includes clear explanations and helpful illustrations to make this an ideal introduction to the topic, with questions woven into the content for students or self-learners to test their understanding. Videos available on a companion site show step-by-step instructions for using many of the features described in the book"-- _cProvided by publisher. |
||
| 630 | 0 | 0 | _aSketchUp. |
| 650 | 0 |
_aInterior decoration _xComputer-aided design. |
|
| 650 | 0 |
_aInterior architecture _xComputer-aided design. |
|
| 776 | 0 | 8 |
_iOnline version: _aCline, Lydia Sloan. _tSketchUp for interior design. _b[Second edition] _dHoboken, New Jersey : Wiley, [2023] _z9781119897804 _w(DLC) 2022052814 |
| 906 |
_a7 _bcbc _corignew _d1 _eecip _f20 _gy-gencatlg |
||
| 942 |
_2ddc _cBK _e23 _h747.028553 _iC615s _kENG _m2023 _n0 |
||
| 999 |
_c29900 _d29900 |
||